LEADER 01079nam 2200373 450 001 9910138261703321 005 20221021145403.0 010 $a953-51-6712-X 035 $a(CKB)3230000000075690 035 $a(NjHacI)993230000000075690 035 $a(EXLCZ)993230000000075690 100 $a20221021h20122011 uy 0 101 0 $aeng 135 $aur||||||||||| 181 $ctxt$2rdacontent 182 $cc$2rdamedia 183 $acr$2rdacarrier 200 00$aBladder cancer $efrom basic science to robotic surgery /$fedited by Abdullah Erdem Canda 210 1$aRijeka, Croatia :$cInTech,$d[2012] 210 4$dİ2011 215 $a1 online resource (472 pages) $cillustrations 311 $a953-307-839-1 320 $aIncludes bibliographical references. 517 $aBladder cancer 606 $aBladder$xCancer 615 0$aBladder$xCancer. 676 $a616.99462 702 $aCanda$b Abdullah Erdem 801 0$bNjHacI 801 1$bNjHacl 906 $aBOOK 912 $a9910138261703321 996 $aBladder Cancer$92275341 997 $aUNINA LEADER 02615nam 2200613 a 450 001 9910784904803321 005 20230810211617.0 010 $a1-282-97925-6 010 $a9786612979255 010 $a1-86189-734-0 035 $a(CKB)2670000000035635 035 $a(EBL)618758 035 $a(OCoLC)671655817 035 $a(SSID)ssj0000413452 035 $a(PQKBManifestationID)11265410 035 $a(PQKBTitleCode)TC0000413452 035 $a(PQKBWorkID)10383748 035 $a(PQKB)11020230 035 $a(MiAaPQ)EBC618758 035 $a(Au-PeEL)EBL618758 035 $a(CaPaEBR)ebr10400700 035 $a(CaONFJC)MIL297925 035 $a(EXLCZ)992670000000035635 100 $a20100816d2010 uy 0 101 0 $aeng 135 $aur|n|---||||| 181 $ctxt 182 $cc 183 $acr 200 10$aCamel$b[electronic resource] /$fRobert Irwin 210 $aLondon, U.K. $cReaktion Books, Ltd.$d2010 215 $a1 online resource (234 p.) 225 1 $aAnimal 300 $aDescription based upon print version of record. 311 $a1-86189-649-2 320 $aIncludes bibliographical references (p. 198-219) and index. 327 $aCamel Cover; Imprint page; Contents; Introduction; 1 Physiology and Psychology; 2 Ancestors of the Camel; 3 Practical Camel; 4 Camels in theMedieval World of Islam; 5 The Beauty of the Beast: Literature and Art; 6 The Camel's Role in History; 7 Modernity's Camel; Timeline of the Camel; References; Select Bibliography; Associations andWebsites; Acknowledgements; Photo Acknowledgements; Index 330 $aA distinct symbol of the desert and the Middle East, the camel was once unkindly described as "half snake, half folding bedstead." But in the eyes of many the camel is a creature of great beauty. This is most evident in the Arab world, where the camel has played a central role in the historical development of Arabic society-where an elaborate vocabulary and extensive literature have been devoted to it. In Camel, Robert Irwin explores why the camel has fascinated so many cultures, including those cultivated in locales where camels are not indigenous 410 0$aAnimal (Reaktion Books) 606 $aCamels 606 $aCamels$xHistory 615 0$aCamels. 615 0$aCamels$xHistory. 676 $a599.736 676 $a636.295 700 $aIrwin$b Robert$0601390 701 $aBurt$b Jonathan$01516474 801 0$bMiAaPQ 801 1$bMiAaPQ 801 2$bMiAaPQ 906 $aBOOK 912 $a9910784904803321 996 $aCamel$93752965 997 $aUNINA